Norwich City Managers By Picture - Statistics

General Stats
  • This quiz has been taken 10 times
  • The average score is 11 of 20
Answer Stats
Picture Answer % Correct
Daniel Farke
100%
David Wagner
100%
Paul Lambert
90%
Alex Neil
80%
Chris Hughton
80%
Dean Smith
80%
Bryan Gunn
70%
Johannes Hoff Thorup
70%
Glenn Roeder
60%
Neil Adams
60%
Nigel Worthington
60%
Mike Walker
50%
Dave Stringer
30%
Ken Brown
30%
Ron Saunders
30%
Bruce Rioch
20%
John Bond
20%
John Deehan
20%
Ron Ashman
10%
Lol Morgan
0%
No matching quizzes found
Score Distribution
Percent of People with Each Score
Percentile by Number Answered
Your Score History
You have not taken this quiz